Comtes de Champagne - Statistiques

Statistiques générales
  • Ce quiz a été pris 17 fois
  • Le résultat moyen est 10 sur 16
Statistiques - réponses
Maison/Dynastie Règne Comte/Comtesse % Correct
1152-1181 Henri Ier le Libéral
80%
1181-1197 Henri II
80%
1270-1274 Henri III
80%
966-995 Herbert le Jeune
80%
1066-1089 Thibaut Ier de Champagne
73%
Blois 1125-1152 Thibaut II de Champagne
73%
1197-1201 Thibaut III
73%
1201-1253 Thibaut IV
73%
1253-1270 Thibaut V
73%
Capétiens 1305-1316 Charles Ier
67%
Herbertiens 956-966 Robert Ier de Vermandois
67%
995-1022 Étienne Ier de Troyes
47%
1037-1047 Étienne II
47%
Blois 1022-1037 Eudes II
27%
1047-1066 Eudes III de Champagne
27%
1274-1305 Jeanne Ière
27%
Aucun quiz correspondant
Distribution des résultats
% des personnes avec chaque résultat
Percentile par nombre de réponses
Votre historique - résultats
Vous n’avez pas pris ce quiz